Información sobre sostenibilidad: el documento de consulta de la International Financial Reporting Standards Foundation (Registro nro. 12641)

Detalles MARC
000 -LEADER
fixed length control field 00462 a2200133 4500
001 - CONTROL NUMBER
control field ART_52489
005 - DATE AND TIME OF LATEST TRANSACTION
control field 20260410161633.0
008 - FIXED-LENGTH DATA ELEMENTS--GENERAL INFORMATION
fixed length control field 260409a
100 1# - MAIN ENTRY--PERSONAL NAME
Personal name Geba, Norma Beatriz
245 10 - TITLE STATEMENT
Title Información sobre sostenibilidad: el documento de consulta de la International Financial Reporting Standards Foundation
700 1# - ADDED ENTRY--PERSONAL NAME
Personal name Bifaretti, Marcela Claudia
700 1# - ADDED ENTRY--PERSONAL NAME
Personal name Longhi, Paula Ana
773 0# - HOST ITEM ENTRY
Title Enfoques
Related parts - N°4 (abr. 2021)
Record control number REV416

No hay ítems disponibles.